Disney's Hercules / (Record no. 12189)
[ view plain ]
| 000 -LEADER | |
|---|---|
| fixed length control field | 00939nam a2200313 a 4500 |
| 001 - CONTROL NUMBER | |
| control field | 4001421 |
| 003 - CONTROL NUMBER IDENTIFIER | |
| control field | OSt |
| 005 - DATE AND TIME OF LATEST TRANSACTION | |
| control field | 20140310182344.0 |
| 008 - FIXED-LENGTH DATA ELEMENTS--GENERAL INFORMATION | |
| fixed length control field | 961029s1997 nyuaf c 000 1 eng d |
| 010 ## - LIBRARY OF CONGRESS CONTROL NUMBER | |
| LC control number | 96071630 |
| 035 ## - SYSTEM CONTROL NUMBER | |
| System control number | (OCoLC)37017838 |
| 040 ## - CATALOGING SOURCE | |
| Original cataloging agency | CHu |
| Transcribing agency | CHu |
| Modifying agency | DLC |
| 042 ## - AUTHENTICATION CODE | |
| Authentication code | lccopycat |
| -- | lcac |
| 050 00 - LIBRARY OF CONGRESS CALL NUMBER | |
| Classification number | PZ 7 |
| Item number | .D8544 Dg 1997 |
| 082 00 - DEWEY DECIMAL CLASSIFICATION NUMBER | |
| Classification number | GS 823 |
| Item number | W17h 1997 |
| 245 10 - TITLE STATEMENT | |
| Title | Disney's Hercules / |
| 246 30 - VARYING FORM OF TITLE | |
| Title proper/short title | Hercules |
| 260 ## - PUBLICATION, DISTRIBUTION, ETC. (IMPRINT) | |
| Place of publication, distribution, etc | Hong Kong : |
| Name of publisher, distributor, etc | Adventures Learning Ltd, |
| Date of publication, distribution, etc | c1997. |
| 300 ## - PHYSICAL DESCRIPTION | |
| Extent | 10 p. : |
| Other physical details | col. ill. ; |
| Dimensions | 28 cm. |
| 541 ## - IMMEDIATE SOURCE OF ACQUISITION NOTE | |
| -- | 1 |
| 562 ## - COPY AND VERSION IDENTIFICATION NOTE | |
| Number of copies | 1 |
| 650 #0 - SUBJECT ADDED ENTRY--TOPICAL TERM | |
| Topical term or geographic name as entry element | Hercules |
| 9 (RLIN) | 5213 |
| 710 2# - ADDED ENTRY--CORPORATE NAME | |
| Corporate name or jurisdiction name as entry element | Walt Disney Company. |
| 9 (RLIN) | 5318 |
| 730 0# - ADDED ENTRY--UNIFORM TITLE | |
| Uniform title | Hercules (Motion picture) |
| 9 (RLIN) | 6375 |
| 906 ## - LOCAL DATA ELEMENT F, LDF (RLIN) | |
| a | 7 |
| b | cbc |
| c | copycat |
| d | 3 |
| e | opcn |
| f | 19 |
| g | y-gencatlg |
| 942 ## - ADDED ENTRY ELEMENTS (KOHA) | |
| Source of classification or shelving scheme | Library of Congress Classification |
| Koha item type | |
| Withdrawn status | Lost status | Source of classification or shelving scheme | Damaged status | Home library | Current library | Shelving location | Date acquired | Total Checkouts | Full call number | Barcode | Date last seen | Copy number | Price effective from | Koha item type |
|---|---|---|---|---|---|---|---|---|---|---|---|---|---|---|
| Library of Congress Classification | Luxembourg Library | Luxembourg Library | Grade School Section | 09/27/2013 | PZ 7 .D8544Dg 1997 | 11541 | 09/27/2013 | 1 | 10/03/2013 | Books |